00761nam a2200253Ia 450000500170000000800460001702000180006303700100008104000080009104000080009904000080010704100080011504100080012308400080013110000540013924500710019326000300026426000090029465000330030385600490033694200100038599900210039595200910041620260306164505.0008 260114s9999 xx 000 0 eng d a9780191964619 aEBOOK aCRL beng cCRL 2eng aeng qCRL aDevesh Kapur, David M. Malone, Lily Kong91130874 4aThe Oxford Handbook Of Higher Education In The Asia-pacific Region bOxford University Press c2023 aBusiness Economics & Finance uhttps://academic.oup.com/edited-volume/45637 cEBOOK c1714270d1714270 00104070aCRLbCRLd2026-03-06l0pCL2006791r2026-03-06 16:45:05w2026-03-06yEBOOK